01895cam a2200289 i 4500003000900000005001700009007000300026008004100029020001800070040003000088041000800118082002200126100005200148245015900200264004700359300002800406336002700434337003400461338002800495490001900523500007200542520085200614700003701466700003501503700003401538700003301572DO-SdBNP20260223063022.0ta751003s2018 sp 000 f spa d a9788416601684 aDO-SdBNPbspacBNPHUerda aspa 4a821.161bD7242221 aDostoievski, Fiórdor,d1821-1881eautor4aut.10aDiscurso del gran inquisidor /cFiórdor Dostoievski ; introducción, Antonio Lozano ; comentarios al texto, George Steiner, Aldous Huxley, Noam Chomsky 1aBarcelona, España :bArpa ideas, c2018. a118 páginas ;c22 cm. atextobtxt2rdacontent asin mediación bn2rdamedia avolumenbnc2rdacarrier1 aArpa ideasv42 aIncluye datos biográficos del autor en la solapa de la cubierta.  aEl discurso del gran inquisidor ocupa un lugar central en la arquitectura de la obra y el pensamiento de Fiódor Dostoievski, análogo al que ocupa El rey Lear en el universo de Shekespeare. El propósito y la fuerza poética de este texto son de tan múltiple riqueza y complejidad que puede interpretarse desde tantos puntos de vista diferentes como lectores tenga. En este memorable capítulo de Los hermanos Karamázov, que puede leerse con una obra filosófica completa en sí misma, Iván y Aliosha dialogan sobre la fe en Dios y la figura de Cristo, la libertad y la esclavitud del hombre, la compasión y la muerte. La presente edición se enmarca con una introducción de Antonio Lozano, la célebre interpretación de George Steiner en Tolstói o Dostoievski y comentarios al texto de Noam Chomsky y de Aldous Huzley. 1 aLozano, Antonio,eintroducción1 aSteiner, George,ecomentarios 1 aHuxley, Aldous,ecomentarios 1 aChomsky, Noam,ecomentarios